000 02501nam a2200361 i 4500
001 768714001
003 CO-MdFUSB
005 20240917110221.0
008 220214t2002 sp ||||f |||| 001 0 spa d
020 _a8481695149
040 _aCO-MdFUSB
_bspa
_cCO-MdFUSB
_dCO-MdFUSBC
_erda
041 _aspa
082 _223
_a487.4
_bG216
100 _aGarcía Santos, Amador-Ángel
_eautor
245 0 _aIntroducción al griego bíblico
_c/ Amador-Ángel García Santos
250 _aSegunda edición
264 1 _aNavarra, España :
_bVerbo Divino,
_c[2002]
264 4 _c© 2002
300 _a252 páginas
_c; 23 cm
336 _2rdacontent
_atexto
_btxt
337 _2rdamedia
_asin mediación
_bn
338 _2rdacarrier
_avolumen
_bnc
490 1 _aInstrumentos para el estudio de la Biblia
505 _aLa lengua griega. -- El alfabeto griego. -- Vocales. -- Diptongos. -- Consonantes. -- Puntuación. -- Espíritus. -- Acentos. -- Reglas de los acentos. -- Palabras sin acentos: proclíticas. -- Apóstrofe, diéresis, coronis. -- La flexión griega. -- Constitución de la palabra griega. -- Declinación. -- El artículo singular masculino. -- Tema de presente: indicativo e imperativo singular. -- Valor local de los casos de la flexión nominal. -- Declinación en -o: masculinos y femeninos plural. -- Presente de indicativos e imperativo plural. -- Negación. -- Oraciones interrogativas directas. -- Uso de artículo. -- El verbo ser/estar. Presente: indicativo e imperativo. Valor temporal de los casos de flexión nominal. -- El adjetivo. -- El adverbio. -- Declinación en -o: Neutros. -- Pronombres personales: Singular. -- El indicativo de presente. -- El pronombre personal: plural.-- El futuro. -- Partículas de coordinación.
520 _aEl presente método de griego bíblico conjuga la morfología y la sintaxis para, de un modo progresivo, alcanzar el conocimiento del griego del Nuevo Testamento. En él, tanto la morfología como la sintaxis, el vocabulario y los ejercicios están tomados -algunos ejercicios sólo inspirados- de los textos del Nuevo Testamento. Cada lección consta de un breve material de morfología y otro de sintaxis, acompañado de diversos ejercicios. Posee 54 lecciones.
563 _aRústica.
653 _aLenguaje
653 _aGriego bíblico
830 _aInstrumentos para el estudio de la Biblia
843 _aSerie publicada bajo los auspicios de la Asociación Bíblica Española
942 _cBK
945 _aJTF-925
999 _c67198
_d67198